Colonial Waterbirds

محفوظ في:

التنسيق: دورية

اللغة: Undetermined

منشور في: JSTOR
Waterbird Society

الموضوعات:

الوصول للمادة أونلاين: Login to view Source

الوسوم: إضافة وسم

لا توجد وسوم, كن أول من يضع وسما على هذه التسجيلة!

رقم الطلب:

LEADER 00497nas a2200169Ia 4500
008 220214c99999999xx |||||||||||| ||und||
022 |a 0738-6028 
245 0 0 |a Colonial Waterbirds 
264 1 |b JSTOR 
264 1 |b Waterbird Society 
362 0 |a Vol. 4(1981)-21 (1998) 
653 1 0 |a Science & Mathematics 
653 1 0 |a Zoology 
856 4 0 |u https://www.jstor.org/journal/colowate 
942 |c JL 
952 |0 0  |1 0  |4 0  |7 1  |9 34586  |a JSR  |b JSR  |d 2022-02-14  |l 0  |r 2022-02-14 00:00:00  |w 2022-02-14  |y JL 
999 |c 42919  |d 42919